000 004860000a22001930004500
999 _c49000
_d49000
001 1846
003 CO-MdFUSB
005 20180226142755.0
008 180226b xxu||||| |||| 00| 0 eng d
020 _a84-7883-528-8
040 _cCO-MdBIC
082 0 4 _a571 T569c
100 1 _aNigel, Nelson
245 1 0 _aMi cuerpo / texto Nigel Nelson ; ilustraciones Simone Abel
260 _aMadrid : Todolibro ediciones s.a
300 _a13 P.
650 1 4 _aAnatomía humana
942 _cLGB